| 000 | 00520nam a2200193 i 4500 | ||
|---|---|---|---|
| 001 | 77730 | ||
| 003 | ES-MaACL | ||
| 005 | 20230906173345.0 | ||
| 007 | t| | ||
| 008 | 041105s1992 xxu ||||1| eng d | ||
| 020 | _a88-435-3647-8 | ||
| 080 | _a77 Mapplethorpe, Robert | ||
| 100 | 1 |
_aCelant, Germano. _937344 |
|
| 245 | 1 | 0 |
_aMapplethorpe / _cGermano Celant. |
| 260 |
_aNew York : _bElecta, _c[1992] |
||
| 300 |
_a323 p. ; _c29 cm. |
||
| 600 | 1 | 4 |
_aMapplethorpe, Robert. _976273 |
| 852 |
_aES-MaACL _jL-28387 _bR.134430 |
||
| 999 |
_c77730 _d77730 |
||